| 000 | 00713cam a2200241 i 4500 | ||
|---|---|---|---|
| 999 |
_c12759 _d12759 |
||
| 003 | OSt | ||
| 005 | 20240710164353.0 | ||
| 008 | 180412s2019 nyua 000 0 eng | ||
| 010 | _a 2018011452 | ||
| 020 | _a9781616896652 (hardcover : alk. paper) | ||
| 040 |
_aDLC _beng _cDLC _erda _dDLC |
||
| 042 | _apcc | ||
| 050 | 0 | 0 |
_aSB472.3 _b.C64 2019 |
| 082 | 0 | 0 |
_a712 _223 |
| 100 | 1 |
_aCoen, Shane, _eauthor. |
|
| 245 | 1 | 0 |
_aCoen+Partners : _bcontextual minimalism / _cShane Coen. |
| 246 | 3 | _aCoen plus partners | |
| 250 | _aFirst edition. | ||
| 300 |
_a203 pages : _billustrations ; _c26 x 31 cm |
||
| 650 | 0 |
_aLandscape architecture _xPractice. |
|
| 650 | 0 |
_aUrban landscape architecture _xPractice. |
|
| 942 | _2ddc | ||